ბათუმის შოთა რუსთაველის სახელმწიფო უნივერსიტეტის ბიბლიოთეკა

English for students of medicine I/ (ბიბ.ჩანაწერი № 61644)

000 -LEADER
fixed length control field 00746nam a22001937a 4500
005 - DATE AND TIME OF LATEST TRANSACTION
control field 20240410095634.0
008 - FIXED-LENGTH DATA ELEMENTS--GENERAL INFORMATION
fixed length control field 240408s2002 enk||||| |||| 00| 0 geo d
020 ## - INTERNATIONAL STANDARD BOOK NUMBER
International Standard Book Number 9644590090x
041 ## - LANGUAGE CODE
Language code of text/sound track or separate title eng
080 ## - UNIVERSAL DECIMAL CLASSIFICATION NUMBER
Universal Decimal Classification number 811.111+61 D-30
100 ## - MAIN ENTRY--PERSONAL NAME
Personal name Deedari, Reza
9 (RLIN) 21718
245 ## - TITLE STATEMENT
Title English for students of medicine I/
Statement of responsibility, etc. Reza Deedari, Mohammad Zia Hossaini; edited by M. Varzegar.
264 ## - PRODUCTION, PUBLICATION, DISTRIBUTION, MANUFACTURE, AND COPYRIGHT NOTICE
Place of production, publication, distribution, manufacture Tehran :
Name of producer, publisher, distributor, manufacturer The center of studing and copiling university books in humanities,
Date of production, publication, distribution, manufacture, or copyright notice 2002.
300 ## - PHYSICAL DESCRIPTION
Extent 360 p. ;
Other physical details 24 cm.
653 ## - INDEX TERM--UNCONTROLLED
keyword მედიცინა
653 ## - INDEX TERM--UNCONTROLLED
keyword ინგლისური ენა მედიკოსებისთვის
700 ## - ADDED ENTRY--PERSONAL NAME
Personal name Hossaini, Mohammad Zia
Relator term ავტორი
9 (RLIN) 21719
942 ## - ADDED ENTRY ELEMENTS (KOHA)
Source of classification or shelving scheme
Koha item type წიგნი
ეგზემპლარები
Withdrawn status Lost status Source of classification or shelving scheme Damaged status Not for loan Permanent Location Current Location Shelving location Date acquired Cost, normal purchase price Full call number Barcode Date last seen Copy number Price effective from Koha item type Public note
          ბათუმის შოთა რუსთაველის სახელმწიფო უნივერსიტეტის მთავარი ბიბლიოთეკა ბათუმის შოთა რუსთაველის სახელმწიფო უნივერსიტეტის მთავარი ბიბლიოთეკა წიგნსაცავი 2024-04-08 10.00 811.111+61 D-30 67794 2024-04-08 67794 2024-04-08 წიგნი 10 ლ.